[Event "Berlin Lichtenberger Sommer 3th"]
[Site "Berlin"]
[Date "2004.08.15"]
[Round "2.32"]
[White "Frost, Stephan"]
[Black "Wappler, Marcus"]
[Result "1/2-1/2"]
[WhiteElo "1681"]
[BlackElo "2061"]
[PlyCount "67"]
[EventDate "2004.08.14"]
[EventType "swiss"]
[EventRounds "9"]
[EventCountry "GER"]
[SourceTitle "EXT 2022"]
[Source "ChessBase"]
[SourceDate "2021.10.06"]
[SourceVersion "1"]
[SourceVersionDate "2021.10.06"]
[SourceQuality "1"]

1. e4 Nc6 2. d4 d5 3. Nc3 Nf6 4. e5 Nd7 5. Nxd5 Ndb8 6. Nf4 Qxd4 7. Qxd4 Nxd4 8. Bd3 Bf5 9. Bxf5 Nxf5 10. e6 Nd4 11. exf7+ Kxf7 12. Kd2 Nbc6 13. c3 e5 14. Nfe2 Ne6 15. Kc2 Bc5 16. Nf3 h6 17. b4 Bd6 18. Be3 g5 19. g3 Kg6 20. Rhe1 Ne7 21. Rad1 Kf5 22. Nc1 b6 23. Nb3 Rhd8 24. h4 Ng6 25. Rh1 g4 26. Nfd2 h5 27. Rhe1 Bf8 28. Re2 Rd7 29. Rf1 e4 30. Nd4+ Nxd4+ 31. Bxd4 c5 32. bxc5 bxc5 33. Be3 Ne5 34. Nxe4 1/2-1/2